header

Towards drugs of the future (Record no. 1967)

MARC details
000 -LEADER
fixed length control field 01590nam a2200361 a 4500
245 10 - TITLE STATEMENT
Title Towards drugs of the future
260 ## - PUBLICATION, DISTRIBUTION, ETC. (IMPRINT)
Place of publication Amsterdam :
Name of publisher IOS Press,
Year of publication 2008.
300 ## - PHYSICAL DESCRIPTION
Number of Pages ix, 129 p. :
Other physical details ill. (some col.).
490 1# - SERIES STATEMENT
Series statement Solvay Pharmaceuticals Conferences,
650 #0 - SUBJECT ADDED ENTRY--TOPICAL TERM
Topical Term Pharmaceutical chemistry
Topical Term Drug development
Topical Term Pharmaceutical industry
700 1# - ADDED ENTRY--PERSONAL NAME
Personal name Kruse, C. G.
Personal name Timmerman, H.
856 40 - ELECTRONIC LOCATION AND ACCESS
Uniform Resource Identifier http://site.ebrary.com/lib/rucke/Doc?id=10285492

No items available.

© 2026 Rongo University
Contact us: librarian | system librarian | Rongo university